Thiết bị điều khiển khả trình PLC : Dùng cho sinh viên hệ Cao đẳng và Đại học

Gorde:
Xehetasun bibliografikoak
Egile nagusia: Phạm, Xuân Khánh
Formatua: Sách
Hizkuntza:Undetermined
Argitaratua: Giáo dục 2011
Gaiak:
Etiketak: Etiketa erantsi
Etiketarik gabe, Izan zaitez lehena erregistro honi etiketa jartzen!
Thư viện lưu trữ: Trung tâm Thư viện - Trường Đại học Công nghiệp TP. Hồ Chí Minh
LEADER 00573nam a2200157Ia 4500
001 UIH_00271
008 230809s9999 xx 000 0 und d
082 |a 629.89 
100 |a Phạm, Xuân Khánh 
245 0 |a Thiết bị điều khiển khả trình PLC : Dùng cho sinh viên hệ Cao đẳng và Đại học 
245 0 |c Phạm, Xuân Khánh 
260 |b Giáo dục 
260 |c 2011 
650 |a Điều khiển tự động; 
927 |a Sách 
980 |a Trung tâm Thư viện - Trường Đại học Công nghiệp TP. Hồ Chí Minh